Catálogo

El cártel incómodo : (Registro nro. 42716)

Detalles MARC
000 -LEADER
fixed length control field 01219cam a2200337 i 4500
001 - CONTROL NUMBER
control field 42716
003 - CONTROL NUMBER IDENTIFIER
control field Mx-PuUPA
005 - DATE AND TIME OF LATEST TRANSACTION
control field 20251014095738.0
008 - FIXED-LENGTH DATA ELEMENTS--GENERAL INFORMATION
fixed length control field 140415s2010 mx gr 000 0 spa d
020 ## - INTERNATIONAL STANDARD BOOK NUMBER
International Standard Book Number 9786074299915
040 ## - CATALOGING SOURCE
Original cataloging agency Mx-PuUPA
Language of cataloging spa
Transcribing agency Mx-PuUPA
Modifying agency Mx-PuUPA
Description conventions rda
041 0# - LANGUAGE CODE
Language code of text/sound track or separate title spa
100 1# - MAIN ENTRY--PERSONAL NAME
Personal name Reveles, José,
Dates associated with a name 1944-
Relator term autor
9 (RLIN) 16644
245 13 - TITLE STATEMENT
Title El cártel incómodo :
Remainder of title el fin de los Beltrán Leyva y la hegemonía del Chapo Guzmán /
Statement of responsibility, etc. José Reveles
250 ## - EDITION STATEMENT
Edition statement Primera edición /
Remainder of edition statement abril
264 #1 - PRODUCTION, PUBLICATION, DISTRIBUTION, MANUFACTURE, AND COPYRIGHT NOTICE
Place of production, publication, distribution, manufacture México, D. F. :
Name of producer, publisher, distributor, manufacturer Random House Mondadori,
Date of production, publication, distribution, manufacture, or copyright notice ©2010
300 ## - PHYSICAL DESCRIPTION
Extent 265 páginas ;
Dimensions 23 cm
336 ## - CONTENT TYPE
Fuente rdacontent
Content type term texto
Content type code txt
337 ## - MEDIA TYPE
Source rdamedia
Media type term sin medio
Media type code n
338 ## - CARRIER TYPE
Source rdacarrier
Carrier type term volumen
Carrier type code nc
490 0# - SERIES STATEMENT
Series statement Grijalbo Actualidad
650 #7 - SUBJECT ADDED ENTRY--TOPICAL TERM
9 (RLIN) 13986
Source of heading or term armarc
Topical term or geographic name entry element Crímen organizado
Geographic subdivision México
650 #7 - SUBJECT ADDED ENTRY--TOPICAL TERM
Source of heading or term armarc
Topical term or geographic name entry element Narcotráfico
Geographic subdivision México
650 #7 - SUBJECT ADDED ENTRY--TOPICAL TERM
Source of heading or term armarc
Topical term or geographic name entry element Tráfico de drogas
Geographic subdivision México
650 #7 - SUBJECT ADDED ENTRY--TOPICAL TERM
Source of heading or term armarc
Topical term or geographic name entry element Control de drogas y narcóticos
Geographic subdivision México
942 ## - ADDED ENTRY ELEMENTS (KOHA)
Source of classification or shelving scheme Dewey Decimal Classification
Koha item type Libro
Classification part 364.1060972
Item part R44
Existencias
Withdrawn status Lost status Source of classification or shelving scheme Damaged status Not for loan Collection code Home library Current library Shelving location Date acquired Source of acquisition Total Checkouts Full call number Barcode Date last seen Price effective from Koha item type
    Dewey Decimal Classification     General Biblioteca Karol Wojtyla Biblioteca Karol Wojtyla Sala general 03/12/2013 Donación   364.1060972 R44 2010 64110 05/01/2026 03/12/2013 Libro